Hỏi đáp về đạo đức học
সংরক্ষণ করুন:
| প্রধান লেখক: | |
|---|---|
| অন্যান্য লেখক: | , |
| বিন্যাস: | গ্রন্থ |
| প্রকাশিত: |
Hà Nội
Chính trị Quốc gia
1995
|
| বিষয়গুলি: | |
| ট্যাগগুলো: |
ট্যাগ যুক্ত করুন
কোনো ট্যাগ নেই, প্রথমজন হিসাবে ট্যাগ করুন!
|
| Thư viện lưu trữ: | Trung tâm Học liệu Lê Vũ Hùng, Trường Đại học Đồng Tháp |
|---|
| LEADER | 00957aam a22003498a 4500 | ||
|---|---|---|---|
| 001 | 00036007 | ||
| 005 | 20171026081025.0 | ||
| 008 | 170112s1995 ||||||Viesd | ||
| 020 | # | # | |c 10000 |
| 041 | 0 | # | |a Vie |
| 082 | 1 | 4 | |a 170.76 |b H428Đ |
| 100 | 1 | # | |e Chủ biên |a Trần Hậu Kiêm |
| 245 | 1 | 0 | |a Hỏi đáp về đạo đức học |c Trần Hậu Kiêm; Vũ Minh Tâm; Trịnh Đình Bảy |
| 260 | # | # | |a Hà Nội |b Chính trị Quốc gia |c 1995 |
| 300 | # | # | |a 127tr. |c 20cm. |
| 653 | # | # | |a Hỏi đáp |
| 653 | # | # | |a Quan điểm |
| 653 | # | # | |a Đạo đức học |
| 700 | 1 | # | |a Trịnh Đình Bảy |
| 700 | 1 | # | |a Vũ Minh Tâm |
| 852 | # | # | |b Kho đọc |j KD.0017584 |
| 852 | # | # | |j KD.0017584 |
| 910 | |d 12/01/2017 | ||
| 980 | # | # | |a Trung tâm Học liệu Lê Vũ Hùng, Trường Đại học Đồng Tháp |